[Event "78th Armenian Chess Ch"]
[Site "Yerevan"]
[Date "2017.08.17"]
[Round "8"]
[White "Baghdasaryan, Vahe"]
[Black "Danielyan, Vahe"]
[Result "0-1"]
[WhiteElo "2469"]
[BlackElo "2344"]
[Annotator "TA"]
[PlyCount "72"]
[EventDate "2017.??.??"]
[EventCountry "ARM"]
[SourceTitle "playchess.com"]
[Source "ChessBase"]
[SourceQuality "1"]

{[%evp 15,72,18,10,-4,0,0,33,33,9,0,0,-30,-29,-33,-18,-49,-53,-129,-130,-139,-129,-138,-152,-353,-114,-140,-129,-133,-120,-158,-84,-238,-235,-205,-208,-202,-58,-298,-261,-328,-162,-156,-164,-151,-129,-299,-286,-442,-465,-782,-771,-1099,-1068,-1062,-1043,-1329,-1290,-1254,-1220]} 1. c4 e5 2. Nc3 Bb4 3. g3 Bxc3 4. bxc3 Nc6 5. Bg2 Nf6 (5... Nge7 6. c5 d6 7. cxd6 cxd6 8. d3 O-O 9. Nf3 h6 10. Rb1 b6 11. Ba3 Be6 12. c4 Qd7 13. O-O Rad8 {½-½ (81) Cordova,E (2651)-Stripunsky,A (2536) Philadelphia 2017}) 6. d3 {A21: English Opening: 1...e5 2 Nc3} O-O 7. e4 d6 8. Nf3 h6 {LiveBook: 5 Games} 9. Nh4 $146 ({Find the theoretical novelty and annotate with similar games:} 9. Nd2 a6 10. a4 Bd7 11. O-O Qc8 12. Re1 Bh3 13. Nf1 b6 {½-½ (35) Siikaluoma,A (2533)-Rydholm,L (2524) ICCF email 2012}) 9... Bg4 10. Qd2 Qd7 11. Rb1 b6 12. h3 Be6 13. f4 exf4 $1 14. gxf4 Rae8 15. Qf2 {[#]} Bxc4 $1 {[%mdl 512]} 16. dxc4 ({Better is} 16. Qe3 $15) 16... Nxe4 $17 17. Bxe4 Rxe4+ 18. Kf1 Rfe8 ({Resist} 18... Rxc4 19. Qg3 $15) 19. Bd2 $2 {[#]} (19. Qf3 $17) 19... Qe6 $2 ({Weaker is} 19... Rxc4 20. Kg2 $15) (19... Re2 $1 $19 {[%cal Re2f2][%mdl 512] has better winning chances.} 20. Qg3 (20. Qxe2 Rxe2) 20... Rxd2) 20. Rh2 Qxc4+ 21. Kg1 Qxa2 22. Qf1 a5 (22... Na5 $142 {Hoping for ...Qd5.} 23. Rg2 Nc4) 23. Nf5 $2 {[#]} (23. Rg2 $17) 23... Re2 $1 $19 {[%cal Re2h2][%mdl 512]} 24. Rxe2 (24. Qxe2 Rxe2) 24... Rxe2 25. Be3 {[#]} Rg2+ ({Black should play} 25... Rc2 $1 $19 {White must now prevent ...Qe6.} 26. Re1 Qe6) 26. Kh1 $2 (26. Qxg2 $15 Qxb1+ 27. Kh2 Qxf5 28. Qxc6) 26... Rg6 {Strongly threatening ...Qd5+.} 27. Rb5 Kh7 (27... a4 $142 {...Qc2 is the strong threat.} 28. Nh4 Re6) 28. Nh4 Re6 $36 {[%mdl 2048] White is under strong pressure.} 29. Qd3+ Kg8 30. f5 $2 (30. Nf5 $17) 30... Re5 31. c4 (31. Nf3 {was worth a try.} Rxb5 32. Qxb5 Qa1+ 33. Kg2 Qxc3 34. Qa4) 31... Nb4 {Black is clearly winning.} 32. Qc3 (32. Qd2 $142 Qxc4 33. Rxe5 dxe5 34. Ng2) 32... Re4 33. Ng2 Rxc4 34. Qe1 Qa4 35. Bxh6 Qxb5 36. Qg3 Qe5 {Precision: White = 17%, Black = 50%.} 0-1

[Event "78th Armenian Chess Ch"]
[Site "Yerevan"]
[Date "2017.08.17"]
[Round "8"]
[White "Harutjunyan, Gevorg"]
[Black "Torosyan, Norayr"]
[Result "1/2-1/2"]
[WhiteElo "2454"]
[BlackElo "2350"]
[Annotator "TA"]
[PlyCount "98"]
[EventDate "2017.??.??"]
[EventCountry "ARM"]
[SourceTitle "playchess.com"]
[Source "ChessBase"]
[SourceQuality "1"]

{[%evp 16,98,46,37,68,67,64,54,80,82,90,73,66,70,65,68,76,63,52,50,93,77,89,83,143,137,130,117,114,126,139,142,139,131,143,146,138,80,121,116,109,82,96,53,68,2,177,77,63,60,123,0,0,0,0,0,0,0,0,0,0,0,0,0,0,0,0,0,0,0,0,0,0,0,0,0,0,0,0,0,0,0,0,0,0]} 1. Nf3 Nf6 2. g3 g6 3. b3 Bg7 4. Bb2 O-O 5. Bg2 d6 6. d4 c5 7. c4 Qa5+ 8. Nc3 {E60: King's Indian: Unusual lines and Fianchetto Variation without Nc3} Ne4 9. Rc1 {LiveBook: 5 Games} cxd4 $146 ({Predecessor:} 9... Nc6 10. O-O Nxc3 11. Bxc3 Qc7 12. d5 Ne5 13. Nxe5 Bxe5 14. e4 Bd7 15. f4 Bxc3 16. Rxc3 {1-0 (26) Efimenko,Z (2647)-Libiszewski,F (2515) Al Ain 2015}) 10. Nxd4 {White is slightly better.} Nxc3 11. Bxc3 Qh5 12. h4 Nd7 {[%cal Bb8d7,Bd7f6,Bf6g4][%mdl 32]} 13. Nb5 (13. Bf3 {with more complications.} Qc5 14. h5 Ne5 15. Bd5 e6 16. Bg2) 13... Bxc3+ 14. Nxc3 Nf6 15. Qd2 Qe5 16. f4 Qc5 17. h5 Ng4 {aiming for ...Qf2+.} 18. Ne4 Qb6 19. hxg6 hxg6 (19... fxg6 $142 20. Qd5+ (20. c5 dxc5 21. Nxc5 Rd8 $14) 20... Kg7) 20. Qc3 $16 {[%csl Gc3][%cal Rh1h8]} f6 21. c5 dxc5 22. Nxc5 a5 23. a3 Kg7 24. Rh4 Rh8 {[#]} 25. Rxh8 $1 Kxh8 26. Qd4 (26. Be4 $142) 26... Bf5 27. Bxb7 Rd8 28. Qc3 Kg7 29. Bf3 Rh8 30. Qd4 (30. e4 $14 Bc8 31. Kf1) 30... e5 $2 {[#]} (30... Rd8 $11 31. Qc3 (31. Ne6+ Qxe6 32. Qxd8 Qe3 $11) 31... Rh8) 31. Qc3 (31. fxe5 $1 $18 {is more deadly.} fxe5 32. Qd5) 31... exf4 32. gxf4 Qb8 (32... Qd6 $14) 33. Nd3 ({White should play} 33. Qxa5 $16 Qxf4 34. Nd3) 33... Rc8 $11 {The position is equal.} 34. Qxa5 Rxc1+ 35. Nxc1 {Threatens to win with Qb4.} Qxf4 {[%cal Rf4c1]} 36. Qa7+ Kh6 {[%cal Rf4c1]} 37. Qc5 Ne3 {Hoping for ...Nc2+.} 38. Qf8+ Kg5 39. Qc5 {White wants to play Nd3.} Nc2+ 40. Kd1 {Strongly threatening Nd3.} Ne3+ 41. Ke1 {With the idea Nd3.} Kh4 {And now ...Nc2+ would win.} 42. Nd3 Bxd3 $1 43. Kd2 {[#]} Bxe2 $1 {[%mdl 512]} 44. Kxe2 Nf5 45. Qf2+ Kg5 {...Nd4+ is the strong threat.} 46. Kd3 Qd6+ 47. Kc4 Qe6+ 48. Kc3 Qe5+ 49. Kd3 Qd6+ {Precision: White = 60%, Black = 64%.} 1/2-1/2

[Event "78th Armenian Chess Ch"]
[Site "Yerevan"]
[Date "2017.08.17"]
[Round "8"]
[White "Sargsyan, Shant"]
[Black "Manukyan, Sargis A"]
[Result "1-0"]
[WhiteElo "2416"]
[BlackElo "2233"]
[Annotator "TA"]
[PlyCount "95"]
[EventDate "2017.??.??"]
[EventCountry "ARM"]
[SourceTitle "playchess.com"]
[Source "ChessBase"]
[SourceQuality "1"]

{[%evp 13,95,19,116,106,110,106,98,106,100,108,103,82,72,70,94,79,81,93,85,58,63,69,70,60,82,85,111,105,133,100,96,101,246,249,250,242,238,213,249,245,245,237,240,248,294,283,266,248,372,291,429,378,477,487,495,477,597,585,756,751,1002,927,2456,2259,1703,1338,1766,1893,2155,1110,1633,1772,2554,2232,2181,2267,12834,12834,12833,9485,12833,12831,12833,12587]} 1. d4 d5 2. c4 e6 3. Nc3 Nf6 4. Nf3 Be7 5. Bf4 c5 6. dxc5 Na6 7. cxd5 {D37: Queen's Gambit Declined: 5 Bf4} (7. e3 Nxc5 8. cxd5 Nxd5 9. Bb5+ Bd7 10. Bxd7+ Qxd7 11. Nxd5 exd5 12. O-O O-O 13. Be5 b5 14. Bd4 Ne6 15. Qd3 Qb7 16. Rac1 Rac8 17. Rfd1 a6 18. g3 Rxc1 19. Rxc1 Rc8 20. Rxc8+ Qxc8 21. b3 {½-½ (21) Vaganian,R (2560)-Short,N (2683) Hersonissos 2017}) 7... exd5 {LiveBook: 9 Games} (7... Nxd5 $11 {keeps the balance.} 8. Nxd5 exd5) 8. e4 $1 $16 O-O $146 ({Predecessor:} 8... dxe4 9. Qxd8+ Bxd8 10. Bxa6 bxa6 11. Nd2 Ba5 12. Be5 Bb7 13. Nc4 Bxc3+ 14. Bxc3 O-O 15. Bxf6 gxf6 {1-0 (56) Homa,S (2366)-Ghatti,S (2255) Chicago 2015}) 9. exd5 {Threatens to win with d6.White is better.} Bxc5 {Hoping for ...Ng4.} 10. Bxa6 $1 bxa6 11. O-O Bb7 {[%cal Rf6d5]} 12. Bg5 Qd6 {[%cal Rf6d5]} 13. Rc1 {Bxf6 is the strong threat.} Rfe8 {[%cal Rf6d5]} 14. Qd3 Bb6 {[%cal Rf6d5]} 15. Bxf6 Qxf6 16. Rfe1 Rad8 17. Rxe8+ Rxe8 18. h3 Bc8 19. d6 {Black must now prevent d7.} Bf5 20. Qd5 $40 {[%mdl 128] White is out for blood.} ({Of course not} 20. Qxa6 $6 Qxd6 21. Qa4 Rc8 $11) 20... Be6 21. Qc6 {[%cal Rc6e8]} Rd8 22. Rd1 Qg6 (22... h6 $16) 23. Nd5 $18 Bxd5 24. Qxd5 Qc2 25. Rd2 Qc1+ 26. Kh2 Qc5 {[#]} 27. Qe4 $1 g6 28. b4 Qc8 29. g3 a5 30. b5 Qc5 (30... Qf5 $142 31. Qxf5 gxf5) 31. Qc6 Qf5 (31... a4 $142 32. d7 Qe7) 32. Kg2 Kg7 33. d7 {White is clearly winning.} Qf6 34. h4 h6 35. Qd5 Kf8 36. Ne5 h5 37. Nc6 Kg7 38. Nxd8 Bxd8 39. Qd4 Qxd4 40. Rxd4 {[%mdl 4096] Endgame KR-KB} Kf6 41. a4 Ke5 42. Rd1 Ke6 43. Kf3 Ke7 44. g4 hxg4+ 45. Kxg4 Ke6 46. Kg3 Ke7 {[#]} 47. h5 $1 gxh5 48. Kh4 {Precision: White = 80%, Black = 27%.} 1-0

[Event "78th Armenian Chess Ch"]
[Site "Yerevan"]
[Date "2017.08.17"]
[Round "8"]
[White "Kalashian, David"]
[Black "Hakobyan, Aram"]
[Result "0-1"]
[WhiteElo "2389"]
[BlackElo "2466"]
[Annotator "TA"]
[PlyCount "118"]
[EventDate "2017.??.??"]
[EventCountry "ARM"]
[SourceTitle "playchess.com"]
[Source "ChessBase"]
[SourceQuality "1"]

{[%evp 13,118,16,23,2,2,0,23,21,25,14,20,27,35,18,76,76,77,76,76,76,77,77,78,69,74,74,72,75,80,68,102,58,83,70,63,9,8,9,16,6,10,10,10,9,21,21,40,15,13,8,14,8,8,8,16,15,16,0,0,0,0,-4,-4,-6,-6,-18,0,-311,-314,-308,-293,-329,-351,-208,-336,-358,-347,-341,-328,-423,-429,-418,-397,-1456,-1756,-1712,-1681,-1547,-1489,-1600,-1566,-1640,-1649,-1900,-1866,-5489,-2166,-12845,-12845,-12845,-12846,-12847,-12848,-12850,-29983,-29985,-29986]} 1. d4 Nf6 2. c4 e6 3. Nf3 b6 4. g3 Bb7 5. Bg2 Bb4+ 6. Bd2 Be7 7. O-O {E16: Queen's Indian: 4 g3 Bb7 5 Bg2 Bb4+} (7. Nc3 c6 8. e4 d5 9. exd5 cxd5 10. Ne5 O-O 11. O-O Nc6 12. Bf4 Na5 13. Rc1 dxc4 14. Bxb7 Nxb7 15. Nxc4 Bb4 16. Bg5 Nd6 17. Nxd6 Bxd6 {1-0 (41) Radjabov,T (2724)-Eljanov,P (2739) Geneve 2017}) 7... O-O {LiveBook: 100 Games} 8. Re1 c5 9. dxc5 {The position is equal.} Bxc5 $146 ({Predecessor:} 9... bxc5 10. Nc3 d6 11. Qc2 Nbd7 12. Rad1 a6 13. Bf4 Qb6 14. b3 Rfd8 {0-1 (38) Gaitan,J (2181)-Saldano Dayer,H (2427) Banfield 2011}) 10. Nc3 Ne4 11. Nxe4 Bxe4 12. b4 Be7 13. Bc3 {aiming for Qd4.} Bf6 (13... d5 $11 {remains equal.}) 14. Bxf6 $16 Qxf6 15. b5 d5 16. cxd5 exd5 17. Qd4 Nd7 {[%cal Bb8d7,Bd7f6,Bf6e4][%mdl 32] [#]} 18. Qxf6 $1 Nxf6 19. Nd4 Bxg2 20. Kxg2 Ne4 21. a4 a6 22. a5 axb5 23. a6 ({Reject} 23. Nxb5 $6 bxa5 24. Nc7 Ra7 $11) 23... Nc3 24. a7 (24. Nc6 $1 $14) 24... Rfc8 $11 25. Ra6 {And now Rea1 would win.} g6 26. Rc1 (26. Rea1 $5 {[%cal Ra6b6]} Rc7 27. h4 $16) 26... b4 27. Rxb6 {Ra1 is the strong threat.} Rxa7 28. Rxb4 Rac7 29. e3 Ne4 30. Rxc7 (30. Ra1 {is more complex.} Rc1 31. Ra2 h5 32. Rb7 R8c7 33. Rb8+) 30... Rxc7 $14 {[%mdl 4096] Endgame KRN-KRN} 31. g4 h6 32. h4 Ra7 33. Rb2 Kg7 34. h5 gxh5 35. Nf5+ Kg6 36. Rb6+ f6 (36... Kg5 $5 37. f4+ $8 Kxg4 38. Nxh6+ Kh4 39. Nf5+ Kg4 40. Nh6+ Kh4 41. Nf5+ Kg4 42. Nh6+ $11) 37. f3 Ra2+ 38. Kh3 $1 hxg4+ 39. fxg4 Kg5 40. Rb8 $2 {[%mdl 8192]} (40. Ng7 $11 {and White is okay.}) 40... Nf2+ $19 41. Kg3 {[%cal Rb8g8]} Nxg4 42. Nd4 {Black should prevent Rg8+.} Nxe3 43. Rg8+ Kh5 44. Kf3 Nc4 45. Ne6 {[#] White threatens Nf4+ and mate.} Ne5+ $1 46. Ke3 {White hopes to continue with Nf4+.} Kh4 47. Nd4 Ng4+ 48. Kf4 $2 (48. Kd3) 48... h5 49. Nf3+ Kh3 50. Rh8 Ra4+ 51. Kf5 Kg3 52. Nd2 h4 53. Ke6 Ra1 54. Kf5 h3 55. Rg8 h2 56. Rxg4+ Kf2 57. Rh4 h1=Q 58. Rxh1 Rxh1 59. Kxf6 Ke3 {Precision: White = 44%, Black = 68%.} 0-1

[Event "78th Armenian Chess Ch"]
[Site "Yerevan"]
[Date "2017.08.18"]
[Round "9"]
[White "Mikaelyan, Arman"]
[Black "Petrosyan, Manuel"]
[Result "0-1"]
[WhiteElo "2486"]
[BlackElo "2565"]
[Annotator "TA"]
[PlyCount "239"]
[EventDate "2017.??.??"]
[EventCountry "ARM"]
[SourceTitle "playchess.com"]
[Source "ChessBase"]
[SourceQuality "1"]

{[%evp 14,239,17,-10,-18,-20,-14,-32,-34,-35,-12,-18,-12,-21,-14,-5,14,16,21,18,14,11,10,16,15,20,20,11,92,89,92,78,153,113,292,300,288,276,250,61,93,84,88,105,195,190,177,197,188,66,285,253,288,94,104,61,72,85,110,110,109,108,108,0,0,0,0,0,0,0,0,0,0,0,0,0,0,0,0,0,0,0,0,0,0,0,0,0,0,0,0,0,0,0,0,0,0,0,0,0,0,0,0,0,0,-6,-6,-6,-6,-186,-185,-179,-140,-150,-127,-140,0,-154,-112,-112,-112,-115,-118,-118,-110,-210,-210,-629,-611,-1032,-904,-725,-694,-688,-681,-623,-547,-1124,-1116,-1097,-1094,-1175,-983,-2150,-1027,-998,-975,-848,-781,-12826,-12829,-12830,-12831,-12831,-12823,-2112,-1854,-12837,-302,-12833,-12833,-12832,-11886,-1979,-1529,-12828,-12831,-12840,-12840,-12840,-12835,-6203,-1393,-1096,-1021,-12833,-12835,-12833,-12834,-12834,-12830,-12843,-12840,-12841,-12835,-2102,-1743,-12838,-12839,-12841,-12841,-12842,-12840,-12842,-12840,-12840,-12840,-12841,-12841,-12841,-12839,-12841,-12842,-12842,-12842,-12842,-12842,-12844,-12844,-12845,-12844,-12845,-12845,-12846,-12847,-12847,-12847,-12847,-12847,-12847,-12847,-12847,-12847,-12848,-12847,-12850,-12850,-12850]} 1. d4 Nf6 2. Bf4 d5 3. Nf3 e6 4. e3 c5 5. Nbd2 Nc6 6. c3 Be7 7. Bd3 Nh5 8. Be5 {LiveBook: 21 Games. D02: 1 d4 d5 2 Nf3 sidelines, including 2...Nf6 3 g3 and 2...Nf6 3 Bf4} O-O (8... Nxe5 9. dxe5 g6 10. Qe2 Bd7 11. O-O O-O 12. g3 Qc7 13. e4 Rae8 14. Rfe1 c4 15. Bc2 Bc5 {½-½ (34) Granda Zuniga,J (2648)-Melkumyan,H (2653) Germany 2017}) 9. Ng5 Bxg5 10. Qxh5 {[%csl Gd3][%cal Rh5h7] The position is equal.} g6 11. Qe2 cxd4 12. exd4 f6 13. Bg3 e5 $1 14. dxe5 fxe5 15. O-O Qb6 $146 ({Predecessor:} 15... Bf6) 16. b4 e4 17. Bc2 {[%cal Bd3c2,Bc2b3,Bb3d5][%mdl 32]} Be6 18. Nb3 Bf6 19. Nc5 Ne5 20. Bb3 Rfe8 (20... Bf7 $11) 21. Rad1 $16 Bg4 22. Bxd5+ Kh8 (22... Kg7 $142 23. Qd2 (23. Qxe4 Nf3+ 24. gxf3 Rxe4 $14) 23... Rad8) 23. Qxe4 {Hoping for Bxe5.} Nf3+ $2 (23... Bxd1 $16 {was necessary.} 24. Rxd1 Rad8) 24. gxf3 $18 Rxe4 25. Bxe4 (25. Bxb7 Bxf3 26. Bxe4 (26. Bxa8 Bxd1 27. Nxe4 Bf3 $11) 26... Bxd1 $11) 25... Bh3 26. Rfe1 $2 (26. Bxb7 Rd8 $11) ({White should try} 26. Rd6 $18 Bxf1 27. Kxf1 (27. Rxb6 axb6 28. Bxb7 Ra7 $16)) 26... Rd8 $1 $14 27. Bd5 h5 {next ...h4 is good for Black.} (27... Bxc3 $2 28. Na4 $18) 28. Ne4 ({Inferior is} 28. Bxb7 Bxc3 29. Rxd8+ Qxd8 $15) 28... Kh7 (28... Be7 $16) 29. Bf4 $1 $18 {[%cal Rf4e3] Black must now prevent Be3.} Rd7 30. Bg5 Bd8 31. f4 (31. Be3 $18 Qc7 32. Nc5 Rxd5 33. Rxd5) 31... Bg4 $2 (31... Qc7 $1 $14) 32. Rd4 Bf5 33. h4 $2 (33. Nc5 $18 {and the rest is easy.} Rg7 34. Bxd8 Qxd8 35. Nxb7 (35. Bxb7 Qh4 $16)) 33... Qc7 34. Red1 Kg7 35. c4 Bxg5 36. fxg5 Bxe4 37. Rxe4 ({Stronger than} 37. Bxe4 Rxd4 38. Rxd4 Qf4 $15) 37... Re7 38. Rde1 (38. Red4 $1 $16) 38... Rxe4 $11 39. Rxe4 {[%mdl 4096] Endgame KQ-KRB} b6 40. Kg2 Qd6 41. b5 Qa3 42. Re2 Kf8 43. Re6 (43. Be4 $5 {[%cal Re4g6]} Qe7 44. f3 $11) 43... Qd3 $1 44. a4 Qd1 45. Bf3 (45. a5 $5) 45... Qxa4 46. Rf6+ (46. Bd5 $5 {[%cal Re6g6]}) 46... Kg7 47. Rc6 (47. Be4 $5 {[%cal Rf6g6]}) 47... Qa2 48. Kg3 (48. Be4 $5 {[%cal Rc6g6]}) 48... Qa1 49. Re6 Qg1+ (49... Qc3 $5 {[%cal Rc3c4]}) 50. Bg2 Qd1 {Strongly threatening ...Qg4+.} 51. Re7+ Kf8 52. Re4 Kg7 53. Rf4 Qd3+ 54. Bf3 Qc3 55. Kg2 Qd2 56. Re4 Qd6 57. Be2 Qd2 58. Re3 Qd4 59. Kg3 Qd6+ 60. f4 Qd2 61. Kf2 $2 {[#]} (61. Re7+ $11 Kf8 62. Re6) 61... Qc1 $1 $19 {[%mdl 1024] Black has strong compensation.} 62. Bf1 Kf8 63. Rd3 Ke7 64. Re3+ Kf8 ({Better is} 64... Kd6 $17 65. Rf3 Kc5) 65. Rg3 $2 (65. Rd3 $1 $11) 65... Qc2+ 66. Be2 Qe4 67. Bd3 Qh1 68. Bxg6 Qxh4 {Threatens to win with ...Qh2+.} 69. Kg2 (69. Be4 $17) 69... Kg7 70. f5 $2 {[#]} (70. Be4) 70... Qe4+ $1 71. Kh2 Qxc4 72. Kh3 Qf1+ 73. Kh4 Qf4+ 74. Kh3 Qe4 {[%cal Re4h1]} 75. Ra3 Qg4+ 76. Kh2 Qh4+ 77. Rh3 Qf4+ 78. Kg2 Qxg5+ (78... h4 $142 79. Ra3 Qxg5+ 80. Kh3 Qf4) 79. Rg3 Qd2+ 80. Kh3 Kf6 81. Bxh5 Kxf5 82. Bg4+ Ke5 83. Rf3 Qc2 84. Kg3 Qg6 85. Rf2 Qb1 $2 (85... a5 86. bxa6 Qd3+ 87. Kh4 Qxa6 88. Rf5+ Ke4) 86. Rf3 $2 (86. Be2) 86... Qg1+ {Black is clearly winning.} 87. Kh4 Qh2+ 88. Kg5 Qd2+ 89. Kh4 Ke4 90. Rf5 Qh6+ 91. Kg3 Qd6+ 92. Kh4 Qg6 (92... a5 $142 93. bxa6 Qa3) 93. Rf1 Qh6+ 94. Kg3 Qg5 95. Re1+ Kd4 96. Rd1+ Kc5 97. Rd7 Qe5+ 98. Kf3 Qa1 99. Ke4 Kxb5 100. Be2+ Kc6 101. Rd4 b5 102. Bf3 Kb6 103. Be2 a6 104. Rd6+ Kc5 105. Rd5+ Kc6 106. Rd1 Qa4+ 107. Kd3 Qb3+ 108. Kd2 Qb2+ 109. Ke3 Kc5 110. Rd7 Qe5+ 111. Kd2 Kb4 112. Rd3 a5 {[%cal Ba6a5,Ba5a4][%mdl 32]} 113. Rd7 a4 114. Bd3 Qc3+ 115. Ke3 Qc5+ 116. Kd2 Kb3 117. Bh7 Qg5+ 118. Kd3 b4 119. Be4 Qb5+ 120. Kd4 {Precision: White = 44%, Black = 55%.} 0-1

[Event "78th Armenian Chess Ch"]
[Site "Yerevan"]
[Date "2017.08.18"]
[Round "9"]
[White "Hakobyan, Aram"]
[Black "Sargsyan, Shant"]
[Result "1/2-1/2"]
[WhiteElo "2466"]
[BlackElo "2416"]
[Annotator "TA"]
[PlyCount "67"]
[EventDate "2017.??.??"]
[EventCountry "ARM"]
[SourceTitle "playchess.com"]
[Source "ChessBase"]
[SourceQuality "1"]

{[%evp 14,67,24,25,20,0,1,0,8,14,17,15,15,0,0,0,0,0,7,0,6,0,35,35,28,27,31,32,40,35,77,64,80,0,0,0,0,-5,0,0,0,0,0,-6,-3,-5,0,-68,0,0,0,0,0,0,0,-54]} 1. e4 e5 2. Nf3 Nc6 3. Bb5 Nf6 4. d3 Bc5 5. Bxc6 dxc6 6. Qe2 {C65: Ruy Lopez: Berlin Defence (3...Nf6), unusual lines and 4 0-0 Bc5} (6. Nbd2 O-O 7. Qe2 Re8 8. Nc4 Nd7 9. Bd2 f6 10. h3 Nf8 11. O-O-O Be6 12. Kb1 Qe7 13. Ne3 Qf7 {½-½ (43) Dominguez Perez,L (2739)-Anand,V (2783) Saint Louis 2017}) 6... Bg4 7. h3 Bxf3 8. Qxf3 {LiveBook: 3 Games. White has an edge.} Nd7 9. Be3 $146 ({Predecessor:} 9. Qg3 O-O 10. Nd2 f6 11. O-O Re8 12. Nb3 Bd6 13. Na5 Qc8 {½-½ (81) Bartel,M (2637)-Negi,P (2670) Khanty-Mansiysk 2017}) 9... Qe7 10. Nd2 O-O-O 11. O-O-O Kb8 12. Qg3 f6 13. f4 Bxe3 14. Qxe3 exf4 15. Qxf4 Ne5 16. Nf3 Rhe8 17. Rhf1 c5 (17... Qd6 $5 {[%cal Re5d3]} 18. Kb1 b6 $11) 18. Nxe5 Qxe5 19. Qxe5 Rxe5 $14 {[%mdl 4096] Endgame KRR-KRR} 20. g4 Kc8 21. Rf5 c4 22. Rxe5 ({Don't play} 22. dxc4 $6 Rxd1+ 23. Kxd1 Rxe4 $11) 22... fxe5 $16 {KR-KR} 23. Rf1 (23. dxc4 $16 Rd4 24. Rf1) 23... cxd3 $11 24. Rf7 Rd7 25. Rf8+ Rd8 26. Rf7 Rd7 27. Rf8+ Rd8 28. Rf5 dxc2 29. Kxc2 Rd6 30. Rf8+ (30. Rxe5 $11 Rc6+ 31. Kd2) 30... Rd8 ({Better is} 30... Kd7 $1 $15) 31. Rf7 {The position is equal.} Rd7 32. Rf8+ $1 Rd8 33. Rf5 Rd6 ({Black should try} 33... Rh8 $11) 34. Rf8+ {Precision: White = 53%, Black = 74%.} 1/2-1/2